Study on promotion of trans - Border Crude Oil and Pol Products Business in SAARC Member States / (Record no. 536364)
[ view plain ]
| 000 -LEADER | |
|---|---|
| fixed length control field | 00428nam a22001337a 4500 |
| 082 ## - DEWEY DECIMAL CLASSIFICATION NUMBER | |
| Classification number | 2019 |
| 100 ## - MAIN ENTRY--PERSONAL NAME | |
| Personal name | Saarc Energy Centre. |
| 245 ## - TITLE STATEMENT | |
| Title | Study on promotion of trans - Border Crude Oil and Pol Products Business in SAARC Member States / |
| Statement of responsibility, etc | Saarc Energy Centre. |
| 260 ## - PUBLICATION, DISTRIBUTION, ETC. (IMPRINT) | |
| Place of publication, distribution, etc | Islamabad : |
| 300 ## - PHYSICAL DESCRIPTION | |
| Extent | 85 p. : ill. |
| Dimensions | 30cm. |
| 650 ## - SUBJECT ADDED ENTRY--TOPICAL TERM | |
| Topical term or geographic name as entry element | SAARC - Report 2019. |
| 700 ## - ADDED ENTRY--PERSONAL NAME | |
| Personal name | Dir. M Naeem Malik. |
| 942 ## - ADDED ENTRY ELEMENTS (KOHA) | |
| Koha item type | Continuing Resources |
| Damaged status | Not for loan | Permanent Location | Current Location | Date acquired | Full call number | Barcode | Koha item type |
|---|---|---|---|---|---|---|---|
| Central Library (CL) | Central Library (CL) | 10/14/2020 | 2019 | R-715 | Continuing Resources | ||
| Central Library (CL) | Central Library (CL) | 10/14/2020 | 2019 | R-716 | Continuing Resources |
